000 00762nam a2200253Ia 4500
003 OSt
005 20220918214515.0
006 a|||||r|||| 00| 0
007 ta
008 220917b |||||||| |||| 00| 0 eng d
024 _a137,753
037 _cTextual
040 _aARTS
_cARTS
_beng
041 _2eng
_aeng
082 _aY:37.58.N29<-N17, M5
100 _aKenez Peter
_9112346
245 0 _aBrith of the propagenda state
_b Soviet methods of mass mobilization 1917-1929
260 _aCambridge
_bCambridge University Press
_c1985
300 _axi, 308p.
_ccm.
500 _aBibliography p284-303; Glossaryp286-288
650 _aSOCIOLOGY
942 _hY:37.58.N29<-N17, M5
_cTEXL
_2CC
999 _c260831
_d260831